| 000 | 00463nam a2200145 i 4500 | ||
|---|---|---|---|
| 001 | 43097 | ||
| 003 | ES-MaACL | ||
| 005 | 20230906160730.0 | ||
| 007 | t| | ||
| 008 | 030314s1925 ve ||||1| spa d | ||
| 245 | 0 | 8 | _aSegundo centenario de la Universidad Central de Venezuela. |
| 260 |
_a[Venezuela : _bs.n., _c1925] |
||
| 500 | _aEs separta de: Anales de la Universidad Central de Venezuela. Año XIII, T. XIV. Nº extraordinario. | ||
| 852 |
_aES-MaACL _j1693-F-4 |
||
| 999 |
_c43097 _d43097 |
||